000 00745nam a2200253Ia 4500
003 OSt
005 20220926023032.0
006 a|||||r|||| 00| 0
007 ta
008 220923b |||||||| |||| 00| 0 eng d
020 _a047112902X
037 _cGeneral Book
040 _aRTL
_cRTL
_beng
041 _2eng
_aeng
082 _aX:514-8, L2
100 _aBuzzotta V R, and others
_9328581
245 0 _aEffective selling through psychology
_b Dimensional
260 _aNew York
_bWiley
_c1972
300 _avii,387p
_ccm.
500 _aBibliography: p 381-382; Appendix: p 363-379
650 _aSalesmanship
_9229886
942 _hX:514-8, L2
_cGB
_2CC
999 _c640789
_d640789